Auditoria interna e controle governamental / (Record no. 1140)
[ view plain ]
| 000 -LÍDER | |
|---|---|
| Campo Fixo de Controle | 00729nam a2200229 a 4500 |
| 001 - NÚMERO DE CONTROLE | |
| Campo de Controle | 1140 |
| 003 - IDENTIFICAÇÃO DO NÚMERO DE CONTROLE | |
| Campo de Controle | BR-CuiBMT |
| 005 - DATA E HORA DA ÚLTIMA ATUALIZAÇÃO | |
| Campo de Controle | 20231129203933.0 |
| 008 - DADOS FIXOS | |
| Dados Fixos | 231129s2010 dfba 000 0 por d |
| 040 ## - AGÊNCIA CATALOGADORA | |
| Código da Agência Catalogadora | BR-CuiBMT |
| Agência que transcreveu o registro | BR-CuiBMT |
| 080 ## - Nº DA CLASSIFICAÇÃO DECIMAL UNIVERSAL | |
| Nº edição CDU | 2007 |
| Nº Class. CDU | 657.633 |
| 090 ## - NÚMERO DE CHAMADA | |
| Nº classificação | 657.633 |
| Cutter | A912 |
| 245 1# - TÍTULO PRINCIPAL | |
| Título principal | Auditoria interna e controle governamental / |
| Indicação de responsabilidade | Tribunal de Contas da União. |
| 260 ## - PUBLICAÇÃO, DISTRIBUIÇÃO, ETC. | |
| Local de publicação | Brasília : |
| Editora | Tribunal de Contas da União, |
| Data | 2010. |
| 300 ## - DESCRIÇÃO FÍSICA | |
| N. páginas ou volumes | 337 p.: |
| Ilustrações | il. |
| Dimensões | 25 cm |
| 504 ## - NOTA DE BIBLIOGRAFIA, ETC. | |
| Nota de bibliografia | Inclui bibliografia. |
| 650 ## - ASSUNTO TÓPICO | |
| Cabeçalho tópico ou nome geográfico | Auditoria administrativa |
| Subdivisão geral | metodologia |
| 650 ## - ASSUNTO TÓPICO | |
| Cabeçalho tópico ou nome geográfico | Administração pública |
| Subdivisão geral | Auditoria |
| Subdivisão geográfica | Brasil |
| 650 ## - ASSUNTO TÓPICO | |
| Cabeçalho tópico ou nome geográfico | Tribunais de contas |
| 710 1# - ENTRADA SECUNDÁRIA -- ENTIDADE | |
| Nome da entidade ou lugar | Brasil |
| Unidade subordinada | Tribunal de Contas da União |
| 942 ## - ELEMENTOS DE ENTRADA ADICIONAIS (KOHA) | |
| Fonte de classificação ou esquema de arquivamento | Classificação Decimal Universal |
| Tipo de item do Koha | Livros |
| Estado: removido | Estado: perdido | Fonte de classificação ou esquema de arquivamento | Estado: danificado | Indisponível para empréstimo | Localização permanente | Localização atual | Data de aquisição | Total Checkouts | Número de Chamada completo | Código de barras | Date last seen | Número do exemplar | Preço efetivo a partir de | Tipo de item (Koha) |
|---|---|---|---|---|---|---|---|---|---|---|---|---|---|---|
| Classificação Decimal Universal | Biblioteca da Escola Superior de Contas do TCE/MT | Biblioteca da Escola Superior de Contas do TCE/MT | 22/04/2013 | 657.633 A912 | BIBTCEMT23111328 | 29/11/2023 | Ex. 1 | 29/11/2023 | Livros | |||||
| Classificação Decimal Universal | Biblioteca da Escola Superior de Contas do TCE/MT | Biblioteca da Escola Superior de Contas do TCE/MT | 05/12/2023 | 657.633 A912 | BIBTCEMT23120214 | 05/12/2023 | Ex. 2 | 05/12/2023 | Livros | |||||
| Classificação Decimal Universal | Biblioteca da Escola Superior de Contas do TCE/MT | Biblioteca da Escola Superior de Contas do TCE/MT | 05/12/2023 | 657.633 A912 | BIBTCEMT23120215 | 05/12/2023 | Ex. 3 | 05/12/2023 | Livros | |||||
| Classificação Decimal Universal | Biblioteca da Escola Superior de Contas do TCE/MT | Biblioteca da Escola Superior de Contas do TCE/MT | 05/12/2023 | 657.633 A912 | BIBTCEMT23120216 | 05/12/2023 | Ex. 4 | 05/12/2023 | Livros |